Statistics for Previous NBA Franchise Names/Locations

Click here to take the quiz!

General Stats

  • This quiz has been taken 27 times
    (8 since last reset)
  • The average score is 14 of 17

Answer Stats

TeamYearsAnswer% Correct
Detroit Pistons1949-1957Fort Wayne Pistons
100%
Los Angeles Lakers1947-1960Minneapolis Lakers
100%
Brooklyn Nets1977-2012New Jersey Nets
100%
New Orleans Pelicans2002-2013New Orleans Hornets
100%
Utah Jazz1974-1979New Orleans Jazz
100%
Los Angeles Clippers1978-1984San Diego Clippers
100%
Oklahoma City Thunder1967-2008Seattle SuperSonics
100%
Memphis Grizzlies1995-2001Vancouver Grizzlies
100%
Charlotte Hornets2004-2014Charlotte Bobcats
83%
Sacramento Kings1975-1985Kansas City Kings
83%
Golden State Warriors1962-1971San Francisco Warriors
83%
Atlanta Hawks1955-1968St. Louis Hawks
83%
Philadelphia 76ers1946-1963Syracuse Nationals
83%
Washington Wizards1974-1997Washington Bullets
83%
Houston Rockets1967-1971San Diego Rockets
50%
San Antonio Spurs1971-1973Dallas Chaparrals
17%
Denver Nuggets1967-1974Denver Rockets
17%

Score Distribution

Percentile by Number Answered

Percent of People with Each Score

Your Score History

You have not taken this quiz since the last reset